How Do I Get to: Famous Landmarks Quiz Stats

 Plays Quiz Updated Sep 25, 2015

Score 0/20 Timer 06:00
12 Plays Today
% Correct
Taj Mahal
90.5%
Empire State Building
89.1%
Kremlin
89%
Mount Rushmore
86.1%
Eiffel Tower
84.9%
Machu Picchu
84.6%
The Great Sphinx
83.8%
Colosseum
82.6%
Mt. Fuji
82.5%
Brandenburg Gate
81.6%
% Correct
Stonehenge
80.3%
The Acropolis
79.6%
Sydney Opera House
77.7%
Angkor Wat
73.2%
Cristo Redentor
70.2%
CN Tower
68.1%
Blarney Castle
64%
Cape of Good Hope
63%
Dome of the Rock
62.7%
Alhambra
51.4%

You're not logged in!

Compare scores with friends on all Sporcle quizzes.
OR
Log In

Show Comments

Extras

Top Quizzes Today


Score Distribution

Your Account Isn't Verified!

In order to create a playlist on Sporcle, you need to verify the email address you used during registration. Go to your Sporcle Settings to finish the process.

Report this User

Report this user for behavior that violates our Community Guidelines.

Details: